Homonyms Quiz Stats

 Plays Quiz Updated Jan 22, 2015

Score 0/20 Timer 04:00
1 Play Today
Definition 1 Word % Correct
Difficult or challengingHard
99%
A financial institutionBank
96.7%
Not upDown
95.4%
A monarch, emperor, potentateRuler
94.6%
Quick or speedyFast
94.3%
A round bouncy toyBall
94%
To fall, drop, or descend; to not floatSink
92.4%
10th place out of tenLast
92.4%
A web-footed swimming birdDuck
92.2%
A layer of paintCoat
90.8%
Definition 1 Word % Correct
Not rightLeft
89.2%
To strike repeatedly with great forcePound
89.1%
To cease to sleepWake
86.9%
To make ready or prepareGroom
84.4%
To stumbleTrip
81.7%
To run away quickly, much like UsainBolt
68.4%
To adhere, affix, or cling toStick
65.6%
A command or a mandateOrder
64.8%
An assignment or stationPost
45.6%
Reporters or newspapersPress
42.5%

You're not logged in!

Compare scores with friends on all Sporcle quizzes.
OR
Log In

Sporcle TV

Today on Sporcle TV


Watch our educational content, quiz creation guides, and fun videos on Sporcle TV.

Show Comments

Extras

Top Quizzes Today


Score Distribution

Your Account Isn't Verified!

In order to create a playlist on Sporcle, you need to verify the email address you used during registration. Go to your Sporcle Settings to finish the process.

Report this User

Report this user for behavior that violates our Community Guidelines.

Details: